Statistics for Flags with Pentagrams

Click here to take the quiz!

General Stats

  • This quiz has been taken 1,188 times
  • The average score is 30 of 58

Answer Stats

Appr. Design Country % Correct
★★★★★★
★★★★★
★★★★★★
★★★★★
★★★★★★
★★★★★
★★★★★★
★★★★★
★★★★★★
United States
94%
★★★★China
93%
Vietnam
92%
Morocco
84%
Australia
82%
New Zealand
80%
North Korea
76%
Somalia
73%
Turkey
71%
Tunisia
70%
★★Syria
70%
Pakistan
66%
★★★★Federated States of Micronesia
65%
Ghana
65%
Algeria
63%
Panama
61%
Senegal
59%
Libya
58%
★★

★★★★★★

★★★★★

★★★★★★★★★★★
Brazil
57%
Chile
57%
★★★★★★★★Venezuela
56%
★★★
★★★★
★★★★★
Uzbekistan
56%
★★★★
★★★★★
Tuvalu
56%
Cuba
55%
Cameroon
54%
★★★★★★★Bosnia and Herzegovina
54%
★★★★★Singapore
54%
Burma
52%
★★★★★Turkmenistan
52%
Liberia
49%
★★★★★Honduras
49%
Mauritania
47%
Burkina Faso
47%
★★★★Samoa
47%
★★★★★★★Tajikistan
47%
★★São Tomé and Príncipe
46%
Democratic Republic of the Congo
46%
★★★★Comoros
45%
★★★★★★Kosovo
44%
Ethiopia
43%
Togo
42%
Guinea-Bissau
41%
★★★★★Solomon Islands
41%
★★Saint Kitts and Nevis
39%
Djibouti
38%
Angola
37%
South Sudan
37%
★★★★★★★★★★Cape Verde
36%
Suriname
35%
★★★★★★★★★★Dominica
35%
Zimbabwe
33%
★★★★Papua New Guinea
33%
★★★

★★★
Grenada
29%
Mozambique
27%
Paraguay
25%
East Timor
25%
★★★Philippines
24%
Central African Republic
22%

Score Distribution

Percentile by Number Answered

Percent of People with Each Score

Your Score History

You have not taken this quiz